Central Library OPAC University of Rajshahi

স্বনির্বাচিত কবিতা সংকলন / (Record no. 28649)

MARC details
000 -LEADER
fixed length control field 00965nam a2200253 a 4500
001 - CONTROL NUMBER
control field 28649
003 - CONTROL NUMBER IDENTIFIER
rucl marc code BD-RjUL
005 - DATE AND TIME OF LATEST TRANSACTION
control field 20211209051318.0
008 - FIXED-LENGTH DATA ELEMENTS--GENERAL INFORMATION
fixed length control field 160925t1976 bg 001 0 ben d
020 ## - INTERNATIONAL STANDARD BOOK NUMBER
Terms of availability : TK 13.00
035 ## - SYSTEM CONTROL NUMBER
System control number (BD-RjUL)28731
040 ## - CATALOGING SOURCE
Original cataloging agency DLC
Language of cataloging eng
Transcribing agency DLC
Modifying agency BD-RjUL
041 ## - LANGUAGE CODE
Language code of text/sound track or separate title eng
082 00 - DEWEY DECIMAL CLASSIFICATION NUMBER
Classification number 891.44108
Edition number 23
Author mark and year KAS 1976
100 1# - MAIN ENTRY--PERSONAL NAME
Personal name কামাল, সুফিয়া
Fuller form of name (Brian Harvey)
9 (RLIN) 87685
245 12 - TITLE STATEMENT
Title স্বনির্বাচিত কবিতা সংকলন /
Statement of responsibility, etc. সুফিয়া কামাল
260 ## - PUBLICATION, DISTRIBUTION, ETC. (IMPRINT)
Place of publication, distribution, etc. ঢাকা :
Name of publisher, distributor, etc. মুক্তধারা,
Date of publication, distribution, etc. ১৯৭৬
300 ## - PHYSICAL DESCRIPTION
Pagination ১৫২ পৃ. :
Illustrations চিত্র ;
Size ২১ সেমি.
500 ## - GENERAL NOTE
General note With answers to the exercises
504 ## - BIBLIOGRAPHY, ETC. NOTE
Bibliography, etc includes Bibliographical reference and index.
650 #0 - SUBJECT ADDED ENTRY--TOPICAL TERM
Topical term or geographic name as entry element বাংলা কবিতা
9 (RLIN) 288
General subdivision রচনাবলী
Topical term or geographic name as entry element Bengali Poetry
General subdivision Collected Work
9 (RLIN) 157587
942 ## - ADDED ENTRY ELEMENTS (KOHA)
Source of classification or shelving scheme Dewey Decimal Classification
Koha item type Books
Holdings
Lost status Source of classification or shelving scheme Damaged status Not for loan Collection code Permanent Location Current Location Shelving location Date acquired Source of acquisition Cost, normal purchase price Total Checkouts Full call number Date last seen Copy number Koha item type Date checked out
  Dewey Decimal Classification     Non-fiction Central Library, University of Rajshahi Central Library, University of Rajshahi   30/06/1977 Ureka Book Akademi, Rajshahi 13.10   B 891.44108 KAS 1976 25/09/2016 C-2 Books  
  Dewey Decimal Classification     Non-fiction Central Library, University of Rajshahi Central Library, University of Rajshahi   05/06/1973 Mukttodhara Dhaka 13.00   B 891.44108 KAS 1976 25/09/2016 C-3 Books  
  Dewey Decimal Classification     Non-fiction Central Library, University of Rajshahi Central Library, University of Rajshahi   30/06/1977 Ureka Book Akademi, Rajshahi 13.00   B 891.44108 KAS 1976 25/09/2016 C-4 Books  
  Dewey Decimal Classification     Non-fiction Central Library, University of Rajshahi Central Library, University of Rajshahi   30/06/1977 Ureka Book Akademi, Rajshahi 13.00 2 B 891.44108 KAS 1976 22/10/2023 C-5 Books 10/08/2023